000 00248 a2200109 4500
001 58762
082 _a629.41SIP
090 _c36075
_d36075
100 _aBerkner L V.
245 _aPeace time uses of outer space
260 _aNY
_bMcgraw-Hil
_c1961
942 _aNUST-CAE
_k629.41SIP
999 _c293835
_d293835